El amor y la pareja : nuevas rutas en las representaciones y prácticas juveniles /

Сохранить в:
Библиографические подробности
Главный автор: Rodríguez Salazar, Tania (autor)
Формат:
Язык:испанский
Опубликовано: Guadalajara, México : Universidad de Guadalajara, Centro Universitario de Ciencias Sociales y Humanidades, 2017, c2017
Предметы:
Метки: Добавить метку
Нет меток, Требуется 1-ая метка записи!

MARC

LEADER 00000nam^a2200000^a^4500
001 000413226
005 20250521000000.0
009 20260310122201.708
020 |a 978-607-742-783-4 
037 |a Acervo ITESO - Biblioteca 
041 |a ESP 
082 |a 305. 23097235207  |b ROD 
100 |a Rodríguez Salazar, Tania  |e (autor) 
245 1 3 |a El amor y la pareja :  |b nuevas rutas en las representaciones y prácticas juveniles /  |c T. Rodríguez Salazar. 
264 4 |a Guadalajara, México :  |b Universidad de Guadalajara, Centro Universitario de Ciencias Sociales y Humanidades,  |c 2017, c2017 
300 |a 165 p. 
336 |a texto  |b txt  |2 rdacontenido 
337 |a sin mediación  |b n  |2 rdamedio 
338 |a volumen  |b nc  |2 rdasoporte 
649 |a XX 
650 |a Jóvenes -  |z Guadalajara, Jalisco -  |x Condiciones Sociales y Culturales -  |x Tema Principal 
650 |a Jóvenes -  |z México -  |x Condiciones Sociales y Culturales 
650 |a Amor -  |z Guadalajara, Jalisco -  |x Aspectos Sociales y Culturales -  |x Tema Principal 
650 |a Amor -  |z México -  |x Aspectos Sociales y Culturales 
650 |a Relaciones de Pareja -  |z Guadalajara, Jalisco -  |x Aspectos Sociales y Culturales -  |x Tema Principal 
650 |a Relaciones de Pareja -  |z México -  |x Aspectos Sociales y Culturales 
650 |a Prácticas Culturales -  |z Guadalajara, Jalisco 
650 |a Prácticas Culturales -  |z México 
650 |a Guadalajara, Jalisco -  |x Condiciones Sociales y Culturales 
650 |a México -  |x Condiciones Sociales y Culturales 
650 |a Psicología Social 
650 |a Antropología Cultural 
910 |a Fondo General 
920 |a Impresos - Libros 
930 |a Colección General 
905 |a 101 
901 |a 0500321761  |b IT1  |c ACC  |i D108768  |u 20250521 
901 |a 0500323369  |b IT1  |c ACC  |i C165587  |u 20250521 
902 |a https://opac.biblio.iteso.mx/vufind/Record/000413226